Представление документа в формате MARC21

Поле Инд. ПП Название Значение
Тип записи a
Библиографический уровень m
001 Контрольный номер 7dd9be5d-12cb-4671-815f-390a08314b64
005 Дата корректировки 20220427105446.3
008 Кодируемые данные 960430 d
020 a ISBN 5-02-013022-2
040 a Служба первич. каталог. НБ ТвГУ
041 0_ a Код языка текста rus
080 a Индекс УДК 1(470)(091)(075.8)
084 a Индекс другой классификации/Индекс ББК Ю3(2)я731-1
090 x Авторский знак З-26
a Полочн. индекс Ю3(2)
100 1_ a Автор Замалеев Александр Фазлаевич
e Роль лиц Автор
245 10 a Заглавие Курс истории русской философии
b Продолж. заглавия учебное пособие для гуманитарных вузов
c Ответственность А. Ф. Замалеев
260 0_ a Место издания Москва
b Издательство Наука
c Дата издания 1995
300 a Объем 190,[1] с
440 _0 a Серия Обновление гуманитарного образования в России
504 a Библиография Библиогр. в конце лекций
653 0_ a Ключевые слова Русская философия
a Ключевые слова Философия России
a Ключевые слова История русской философии
a Ключевые слова Учебники для вузов
852 41 i Расстановочный признак Проверка 2021
901 t Тип документа m
920 a Оператор Хохл
a Оператор Суха
930 a Новая/Ретро ретро
952 c Вид литературы К ру
954 a Дата поступления на обработку 29.06.95
e Дата перешифровки 20211222
954 a Дата поступления на обработку 20220427